أفكار ماركسية في الميزان / (Record no. 13904)
[ view plain ]
| 000 -الفاتح | |
|---|---|
| حقل البيانات ثابتة الطول | 00580nam a22001817a 4500 |
| 008 - عناصر البيانات ثابتة الطول - معلومات عامة | |
| حقل البيانات ثابتة الطول | 100418s1989 ua||||||r||| 000 0aara d |
| 020 ## - الرقم الدولى المعيارى للكتب | |
| الرقم الدولى المعيارى للكتاب | 9770507555 |
| 082 ## - رقم تصنيف ديوى العشرى | |
| رقم الطبعة | 22 |
| رقم التصنيف | 335.4092 |
| رقم المادة | ح ج ي |
| 100 ## - المدخل الرئيسى - إسم شخصى | |
| 9 (RLIN) | 13589 |
| الإسم الشخصى | حجي، طارق |
| 245 ## - بيان العنوان | |
| العنوان | أفكار ماركسية في الميزان / |
| بيان المسئوليه,etc | طارق حجي |
| 250 ## - بيان الطبعة | |
| بيان الطبعة | ط 4 |
| 260 ## - PUBLICATION, DISTRIBUTION, ETC. (IMPRINT) | |
| مكان الناشر او الموزع | القاهرة : |
| اسم الناشر او الموزع | نهضة مصر ، 1989 |
| تاريخ النشر أو التوزيع | 1989 |
| 300 ## - الوصف المادى | |
| التعداد | 292 ص؛ |
| أبعاد الوعاء | 20 سم |
| 650 ## - المدخل الاضافى بالموضوع-مصطلح موضوعى | |
| 9 (RLIN) | 8522 |
| مصطلح موضوعي أو اسم جغرافي كعنصر مدخل | الاشتراكية |
| 650 ## - المدخل الاضافى بالموضوع-مصطلح موضوعى | |
| 9 (RLIN) | 13590 |
| مصطلح موضوعي أو اسم جغرافي كعنصر مدخل | الشيوعية |
| 700 ## - المدخل الاضافى - اسم شخصى | |
| 9 (RLIN) | 13592 |
| الإسم الشخصى | ماركس، كارل |
| التواريخ المصاحبة للاسم | 1818-1883 |
| 942 ## - عناصر المدخل الإضافي( كوها) | |
| مصدر التصنيف او مخطط الترفيف | Dewey Decimal Classification |
| Koha [default] item type | Book - Borrowing |
| حالة التراجع | حالة الفقد | مصدر التصنيف او خطة الترفيف | حالة تلف | ليس للاعارة | مجموعات كوها | المكان الدائم | المكان الحالي | موقع الترفيف | تاريخ الاكتساب | Source of acquisition | رقم الاستدعاء | الباركود | Date last seen | مُعار | نوع الوعاء |
|---|---|---|---|---|---|---|---|---|---|---|---|---|---|---|---|
| Dewey Decimal Classification | Central Library | Central Library | First floor | 18/04/2010 | 335.4092 حجي | 000020673 | 15/07/2025 | 07/09/2014 | Book - Borrowing |